书目信息 |
| 题名: |
广东工会职工教育工作启示录
|
|
| 作者: | ;广东省总工会 编 | |
| 分册: | ||
| 出版信息: | 北京 中国工人出版社 2019 |
|
| 页数: | 176页 | |
| 开本: | 24cm | |
| 丛书名: | ||
| 单 册: | ||
| 中图分类: | D412.63-53 , D412.6 | |
| 科图分类: | ||
| 主题词: | 工会工作--职工教育--广东--文集 | |
| 电子资源: | ||
| ISBN: | 978-7-5008-7273-3 | |
| 000 | 00837nam0 2200229 450 | |
| 001 | 2366561607 | |
| 005 | 20231108183006.27 | |
| 010 | @a978-7-5008-7273-3@dCNY36.00 | |
| 100 | @a20200408d2019 em y0chiy50 ea | |
| 101 | 0 | @achi |
| 102 | @aCN@b110000 | |
| 105 | @aa z 000yd | |
| 200 | 1 | @a广东工会职工教育工作启示录@9guang dong gong hui zhi gong jiao yu gong zuo qi shi lu@f广东省总工会编 |
| 210 | @a北京@c中国工人出版社@d2019 | |
| 215 | @a176页@c彩照@d24cm | |
| 330 | @a本书辑录了广东各级工会在职工教育工作方面的一些经验做法和一线职工的心声分享,其主要内容包括:工会工作、企业风采、书屋建设、心声分享、附录。 | |
| 606 | 0 | @a工会工作@x职工教育@y广东@j文集 |
| 690 | @aD412.63-53@v5 | |
| 690 | @aD412.6@v4 | |
| 711 | 02 | @a广东省总工会@9guang dong sheng zong gong hui@4编 |
| 801 | 0 | @aCN@b91MARC@c20200408 |
| 905 | @aBZT@dD412.6@e8 | |
| 广东工会职工教育工作启示录/广东省总工会编.-北京:中国工人出版社,2019 |
| 176页:彩照;24cm |
| ISBN 978-7-5008-7273-3:CNY36.00 |
| 本书辑录了广东各级工会在职工教育工作方面的一些经验做法和一线职工的心声分享,其主要内容包括:工会工作、企业风采、书屋建设、心声分享、附录。 |
| ● |
| 相关链接 |
|
|
|
正题名:广东工会职工教育工作启示录
索取号:D412.6/8
 
预约/预借
| 序号 | 登录号 | 条形码 | 馆藏地/架位号 | 状态 | 备注 |
| 1 | 2000979272 | 2000979272 | 中教第一批/山东中教(第一批)/217/ [索取号:D412.6/8] | 在馆 | |
| 2 | 2000979273 | 2000979273 | 中教第一批/山东中教(第一批)/217/ [索取号:D412.6/8] | 在馆 | |
| 3 | 2000979274 | 2000979274 | 中教第一批/山东中教(第一批)/217/ [索取号:D412.6/8] | 在馆 | |
| 4 | 2000979275 | 2000979275 | 中教第一批/山东中教(第一批)/217/ [索取号:D412.6/8] | 在馆 | |
| 5 | 2000979276 | 2000979276 | 中教第一批/山东中教(第一批)/217/ [索取号:D412.6/8] | 在馆 | |
| 6 | 2000979277 | 2000979277 | 中教第一批/山东中教(第一批)/217/ [索取号:D412.6/8] | 在馆 |